4-Letter Animals - Picture Quiz - Statistics

General Stats
  • This quiz has been taken 1,016 times
  • The average score is 13 of 15
Answer Stats
Picture Answer % Correct
Bear
100%
Duck
100%
Frog
98%
Lion
97%
Wolf
97%
Goat
96%
Wasp
93%
Swan
91%
Crow
89%
Hare
84%
Hawk
79%
Lynx
78%
Mule
71%
Cock
68%
Mink
33%
No matching quizzes found
Score Distribution
Percent of People with Each Score
Percentile by Number Answered
Your Score History
You have not taken this quiz